Wards of Hounslow, London - Statistics

General Stats
  • This quiz has been taken 12 times
  • The average score is 8 of 20
Answer Stats
Answer % Correct
Brentford
100%
Hounslow Central
83%
Hounslow Heath
83%
Hounslow West
83%
Isleworth
83%
Hounslow South
67%
Bedfont
50%
Feltham North
50%
Feltham West
50%
Heston East
33%
Heston West
33%
Syon
33%
Chiswick Homefields
17%
Chiswick Riverside
17%
Hanworth
17%
Heston Central
17%
Osterley and Spring Grove
17%
Cranford
0%
Hanworth Park
0%
Turham Green
0%
No matching quizzes found
Score Distribution
Percent of People with Each Score
Percentile by Number Answered
Your Score History
You have not taken this quiz